[Event "Aragon-chT Preferente Gr-II"]
[Site "Aragon"]
[Date "2019.03.23"]
[Round "9.57"]
[White "Manguez Tomas, Andres"]
[Black "Fontana Sotomayour, Luis Javier"]
[Result "1/2-1/2"]
[WhiteElo "1933"]
[BlackElo "2256"]
[PlyCount "111"]
[EventDate "2019.01.26"]
[EventType "team-tourn"]
[EventRounds "9"]
[EventCountry "ESP"]
[SourceTitle "EXT 2020"]
[Source "ChessBase"]
[SourceDate "2019.10.17"]
[SourceVersion "1"]
[SourceVersionDate "2019.10.17"]
[SourceQuality "1"]
[WhiteTeam "Agrupacion III"]
[BlackTeam "Jaime Casas II"]
[WhiteTeamCountry "ESP"]
[BlackTeamCountry "ESP"]

1. d4 Nf6 2. c4 c5 3. g3 cxd4 4. Qxd4 Nc6 5. Qd1 d5 6. cxd5 Qxd5 7. Qxd5 Nxd5 8. Bg2 Ndb4 9. Na3 e5 10. Bd2 Be6 11. Nf3 f6 12. 0-0 a6 13. b3 0-0-0 14. Bxb4 Bxb4 15. Nc2 Bc5 16. Rac1 Kb8 17. h3 e4 18. Nh2 f5 19. Rfd1 Nd4 20. Nxd4 Bxd4 21. e3 Bb2 22. Rxd8+ Rxd8 23. Rc2 Rd1+ 24. Bf1 Ba3 25. Kg2 Bc8 26. Be2 Rb1 27. Nf1 b5 28. Nd2 Rc1 29. Rxc1 Bxc1 30. Nf1 Kc7 31. g4 f4 32. exf4 Bxf4 33. Ng3 Bb7 34. f3 exf3+ 35. Bxf3 Bxf3+ 36. Kxf3 Bxg3 37. Kxg3 Kc6 38. Kf4 Kc5 39. Ke5 Kb4 40. h4 Ka3 41. Ke6 Kxa2 42. Kf7 b4 43. Kxg7 a5 44. Kxh7 a4 45. bxa4 b3 46. g5 b2 47. g6 b1Q 48. h5 Qf5 49. h6 Kb3 50. a5 Qxa5 51. g7 Qf5+ 52. Kh8 Qe5 53. Kh7 Qe7 54. Kh8 Qf6 55. Kh7 Qf5+ 56. Kh8 1/2-1/2

[Event "Aragon-chT Preferente A"]
[Site "Aragon"]
[Date "2017.02.18"]
[Round "4.41"]
[White "Manguez Tomas, Andres"]
[Black "Accattato Martin, Mario"]
[Result "0-1"]
[WhiteElo "2007"]
[BlackElo "2251"]
[PlyCount "54"]
[EventDate "2017.01.28"]
[EventType "team-tourn"]
[EventRounds "9"]
[EventCountry "ESP"]
[SourceTitle "EXT 2018"]
[Source "ChessBase"]
[SourceDate "2017.10.13"]
[SourceVersion "1"]
[SourceVersionDate "2017.10.13"]
[SourceQuality "1"]
[WhiteTeam "Agrupacion III"]
[BlackTeam "Monzon"]
[WhiteTeamCountry "ESP"]
[BlackTeamCountry "ESP"]

1. e4 d6 2. d4 Nf6 3. Nc3 Nbd7 4. Nf3 e5 5. dxe5 dxe5 6. a3 Be7 7. Bb5 0-0 8. 0-0 c6 9. Be2 Qc7 10. Bg5 Nc5 11. Re1 a5 12. Qc1 Bg4 13. Qe3 Ne6 14. Bxf6 Bxf6 15. Bd3 Be7 16. Be2 Bc5 17. Qc1 Nf4 18. Nh4 Bxe2 19. Nxe2 Qb6 20. Nxf4 Bxf2+ 21. Kh1 Bxe1 22. Qxe1 exf4 23. Qc3 Qe3 24. Qxe3 fxe3 25. Re1 Rad8 26. Kg1 Rd2 27. Rxe3 Rxc2 0-1

[Event "Aragon-chT Preferente A"]
[Site "Aragon"]
[Date "2014.03.08"]
[Round "7.39"]
[White "Manguez Tomas, Andres"]
[Black "Gutierrez Mingueza, Ruben"]
[Result "0-1"]
[WhiteElo "1673"]
[BlackElo "2081"]
[PlyCount "66"]
[EventDate "2014.01.25"]
[EventType "team-tourn"]
[EventRounds "9"]
[EventCountry "ESP"]
[SourceTitle "EXT 2015"]
[Source "ChessBase"]
[SourceDate "2014.11.20"]
[SourceVersion "1"]
[SourceVersionDate "2014.11.20"]
[SourceQuality "1"]
[WhiteTeam "Agrupacion II"]
[BlackTeam "San Jose"]
[WhiteTeamCountry "ESP"]
[BlackTeamCountry "ESP"]

1. e4 c5 2. Nf3 Nc6 3. d4 cxd4 4. Nxd4 Nf6 5. Nc3 e5 6. Ndb5 d6 7. Bg5 a6 8. Na3 b5 9. Bxf6 gxf6 10. Nd5 Bg7 11. Bxb5 axb5 12. Nxb5 0-0 13. Ndc7 Rb8 14. Qxd6 Qxd6 15. Nxd6 Rxb2 16. c3 Ne7 17. 0-0 f5 18. Rfe1 fxe4 19. Rxe4 Rd8 20. Nc4 Rxa2 21. Ree1 Rxa1 22. Rxa1 e4 23. h3 Bxc3 24. Rc1 Bd4 25. Nb5 Ba6 26. Nxd4 Rxd4 27. Ne3 Bc8 28. Rc7 Kf8 29. Rc5 f5 30. Nc2 Rd1+ 31. Kh2 Ke8 32. Kg3 Rd2 33. Rc3 Kf7 0-1

[Event "Aragon-chT Preferente A"]
[Site "Aragon"]
[Date "2014.02.22"]
[Round "5.43"]
[White "Manguez Tomas, Andres"]
[Black "Flores, Francisco"]
[Result "1/2-1/2"]
[WhiteElo "1673"]
[BlackElo "1834"]
[PlyCount "72"]
[EventDate "2014.01.25"]
[EventType "team-tourn"]
[EventRounds "9"]
[EventCountry "ESP"]
[SourceTitle "EXT 2015"]
[Source "ChessBase"]
[SourceDate "2014.11.20"]
[SourceVersion "1"]
[SourceVersionDate "2014.11.20"]
[SourceQuality "1"]
[WhiteTeam "Agrupacion II"]
[BlackTeam "Helios II"]
[WhiteTeamCountry "ESP"]
[BlackTeamCountry "ESP"]

1. e4 e6 2. d4 d5 3. Nc3 Nf6 4. e5 Nfd7 5. f4 c5 6. Nf3 Nc6 7. Be2 a6 8. Be3 cxd4 9. Nxd4 Be7 10. 0-0 Qc7 11. Bg4 Nb6 12. Kh1 Nc4 13. Bc1 Qb6 14. Nxc6 Qxc6 15. Ne2 Bd7 16. Nd4 Qc7 17. b3 Na3 18. Bb2 Nb5 19. Nxb5 Bxb5 20. Rf3 0-0-0 21. Rc3 Bc6 22. Qd4 h5 23. b4 hxg4 24. a4 Bxb4 25. Qxb4 d4 26. Rd3 Rh3 27. Kg1 Rxd3 28. cxd3 Qd7 29. Rc1 Qd5 30. Rc2 Kb8 31. Ba3 g6 32. Qb2 Ka8 33. Qb6 Kb8 34. Bd6+ Ka8 35. Ba3 Kb8 36. Bd6+ Ka8 1/2-1/2